|
|
|
|
| LEADER |
01232njm a2200349 a 4500 |
| 001 |
000903943 |
| 003 |
CZ BrMZK |
| 005 |
20080724130304.0 |
| 007 |
sd fsngnnmmned |
| 008 |
080708s2007 xr ppn g d cze d |
| 024 |
3 |
|
|a 8595026661325
|
| 028 |
3 |
1 |
|a MAM 613-2
|b Indies Happy Trails
|
| 040 |
|
|
|a BOA001
|b cze
|
| 072 |
|
7 |
|a 784
|x Vokální hudba
|2 Konspekt
|9 9
|
| 080 |
|
|
|a 784.4
|2 MRF
|
| 080 |
|
|
|a 78.03.011.26
|2 MRF
|
| 080 |
|
|
|a 343.819.5
|2 MRF
|
| 100 |
1 |
|
|a Cerha, Jiří,
|d 1943-2021
|7 jn20000400364
|4 cmp
|
| 245 |
1 |
0 |
|a Jeremiáš
|h [zvukový záznam] /
|c Jiří Cerha
|
| 260 |
|
|
|a Brno :
|b Indies Happy Trails,
|c p2007
|
| 300 |
|
|
|a 1 zvuková deska :
|b digital ;
|c 12 cm +
|e 1 brožura
|
| 500 |
|
|
|a Kompaktní deska
|
| 505 |
0 |
0 |
|t Pláč Jeremiášův --
|t Cela č. 43 --
|t Šalaben
|
| 511 |
0 |
|
|a Jiří Cerha, zpěv ; C&K Vocal a další
|
| 650 |
0 |
7 |
|a populární hudba
|7 ph124352
|2 czenas
|
| 650 |
0 |
7 |
|a koncentrační tábory
|7 ph121782
|2 czenas
|
| 655 |
|
7 |
|a kompaktní desky
|7 fd201991
|2 czenas
|
| 710 |
2 |
|
|a C&K Vocal (hudební skupina)
|7 ko2002147943
|
| 910 |
|
|
|a BOA001
|b CD-0014.649
|
| 990 |
|
|
|a AV
|
| 991 |
|
|
|b 200807
|
| 996 |
6 |
|
|b 261H016279
|c CD-0014.649
|l MZK
|r Sklad / do 24 hodin
|n 0
|w 001067986
|u 000010
|a 1
|e BOA001
|j MZK50
|s P
|